000 00453nam a2200181Ia 4500
001 20858
005 20260306172836.0
008 260306t2011||||xx |||||||||||||| ||spa||
041 _aESP
082 _a343.8
_bI59
100 _aHirache Flores, Luz
_eAUT
245 0 _aPromoción al exportador saldo a favor del IGV - drawback
260 _c2011
300 _a46 páginas :
_c24 cm.
650 _aGEN
654 _aCCO
942 _cLIB
_dJUS
_fJUS
_2ddc
_n
999 _c20858
_d20858